[Event "Druga liga Srbije grupa Vojvodina 2013"]
[Site "Stari Banovci"]
[Date "2013.11.05"]
[Round "2.1"]
[White "Sertic, Rudolf"]
[Black "Levnajic, Pavle"]
[Result "1-0"]
[WhiteElo "2358"]
[BlackElo "2251"]
[PlyCount "64"]
[EventDate "2013.11.04"]

1. d4 Nf6 2. c4 g6 3. Nc3 Bg7 4. g3 O-O 5. Bg2 d6 6. Nf3 Nc6 7. O-O Bg4 8. h3
Bxf3 9. Bxf3 Nd7 10. e3 e5 11. d5 Ne7 12. e4 a5 13. Bg2 f5 14. f3 Kh8 15. g4
Ng8 16. Be3 Bh6 17. Bf2 Bg5 18. Nb5 Be7 19. Rc1 Ngf6 20. exf5 gxf5 21. Qc2 c6
22. dxc6 bxc6 23. Nc3 Rb8 24. Rcd1 Qe8 25. b3 Qg6 26. Kh1 Rg8 27. Be3 Rbf8 28.
Rg1 Ne8 29. Bf1 Bg5 30. gxf5 Qh6 31. Rxg5 Rxg5 32. Ne4 Rgxf5 1-0

[Event "Druga liga Srbije grupa Vojvodina 2013"]
[Site "Stari Banovci"]
[Date "2013.11.05"]
[Round "2.1"]
[White "Remecki, Sinisa"]
[Black "Vujadinovic, Goran"]
[Result "1/2-1/2"]
[WhiteElo "2232"]
[BlackElo "2364"]
[PlyCount "43"]
[EventDate "2013.11.04"]

1. e4 d6 2. d4 g6 3. Nc3 Bg7 4. Bg5 a6 5. Qd2 b5 6. f4 Bb7 7. e5 h6 8. Bh4 g5
9. Bg3 gxf4 10. Qxf4 b4 11. Ne4 dxe5 12. Qg4 Kf8 13. Bxe5 Bxe5 14. dxe5 Qd4 15.
Bd3 Nc6 16. Nf3 Qe3+ 17. Kf1 Rd8 18. Re1 Qb6 19. e6 Bc8 20. Bc4 Nd4 21. Nxd4
Rxd4 22. Qg3 1/2-1/2

[Event "Druga liga Srbije grupa Vojvodina 2013"]
[Site "Stari Banovci"]
[Date "2013.11.05"]
[Round "2.1"]
[White "Kolognat, Petar"]
[Black "Ubiparip, Zivko"]
[Result "1-0"]
[WhiteElo "2293"]
[BlackElo "2124"]
[PlyCount "63"]
[EventDate "2013.11.04"]

1. e4 d6 2. d4 Nf6 3. Nc3 e5 4. f4 exd4 5. Qxd4 Nc6 6. Bb5 Bd7 7. Qd3 g6 8. Nf3
Bg7 9. a3 O-O 10. O-O Na5 11. Bxd7 Nxd7 12. Be3 Nf6 13. Rae1 a6 14. h3 b5 15.
b3 Re8 16. Bf2 Nh5 17. Nd5 c6 18. Bb6 Qb8 19. Bxa5 cxd5 20. Nd2 d4 21. g3 Nf6
22. Rf2 Nd7 23. Kh2 Qc8 24. Bb4 Qc6 25. a4 bxa4 26. bxa4 Rac8 27. Nb3 f5 28.
exf5 Qxa4 29. Rxe8+ Rxe8 30. Bxd6 Re1 31. Re2 Rb1 32. Qe4 1-0

[Event "Druga liga Srbije grupa Vojvodina 2013"]
[Site "Stari Banovci"]
[Date "2013.11.05"]
[Round "2.1"]
[White "Onjin, Branko"]
[Black "Mastrapovic, Vladimir"]
[Result "0-1"]
[WhiteElo "1987"]
[BlackElo "2280"]
[PlyCount "80"]
[EventDate "2013.11.04"]

1. c4 Nf6 2. Nf3 g6 3. Nc3 d5 4. d4 Bg7 5. cxd5 Nxd5 6. e4 Nxc3 7. bxc3 c5 8.
Be3 Qa5 9. Qb3 O-O 10. Be2 cxd4 11. Bxd4 Be6 12. Qb4 Nc6 13. Qxa5 Nxa5 14. O-O
Rfc8 15. h3 Bh6 16. Rfd1 f6 17. Kf1 Kf7 18. Ke1 Rc7 19. Nd2 b6 20. Ba6 Bd7 21.
e5 Ba4 22. Rdb1 Nc6 23. Bc4+ e6 24. Bb3 Bxb3 25. Rxb3 Bxd2+ 26. Kxd2 Rd8 27.
Ke2 Rxd4 28. cxd4 Nxd4+ 29. Kd3 Nxb3 30. axb3 fxe5 31. Ra2 a5 32. Rb2 Kf6 33.
b4 a4 34. b5 Rd7+ 35. Ke3 Rd4 36. Ra2 Rb4 37. Ke2 e4 38. h4 Ke5 39. Ke3 Rb3+
40. Ke2 a3 0-1

[Event "Druga liga Srbije grupa Vojvodina 2013"]
[Site "Stari Banovci"]
[Date "2013.11.05"]
[Round "2.1"]
[White "Bogic, Stevan"]
[Black "Jacimovic, Zoran"]
[Result "1-0"]
[WhiteElo "2195"]
[BlackElo "2169"]
[PlyCount "67"]
[EventDate "2013.11.04"]

1. d4 d5 2. Nf3 Nf6 3. c4 c6 4. Nc3 a6 5. cxd5 cxd5 6. Bg5 Ne4 7. Bf4 Nxc3 8.
bxc3 Qa5 9. Qb3 Nd7 10. e3 b5 11. Bd3 Bb7 12. O-O Rc8 13. Rac1 e6 14. Nd2 Ba3
15. Rc2 O-O 16. Nb1 Be7 17. f3 Rfd8 18. Re2 Nb6 19. Bg3 Na4 20. Be1 Qc7 21. f4
Bd6 22. Bd2 f5 23. h3 Nb6 24. g4 g6 25. Rg2 Kh8 26. Rf3 Nc4 27. Be1 Qe7 28. h4
Bc6 29. Rh3 fxg4 30. Rxg4 Rg8 31. Rg2 Rgf8 32. Qd1 Bd7 33. Rf3 Nb2 34. Rxb2 1-0

[Event "Druga liga Srbije grupa Vojvodina 2013"]
[Site "Stari Banovci"]
[Date "2013.11.05"]
[Round "2.1"]
[White "Zarin, David"]
[Black "Markovic, Dragan M"]
[Result "1/2-1/2"]
[WhiteElo "1916"]
[BlackElo "2022"]
[PlyCount "38"]
[EventDate "2013.11.04"]

1. e4 d5 2. exd5 Qxd5 3. Nc3 Qa5 4. d4 c6 5. Nf3 Bg4 6. h3 Bh5 7. Be2 Nf6 8.
O-O e6 9. Bf4 Bxf3 10. Bxf3 Be7 11. Re1 O-O 12. Ne4 Nxe4 13. Bxe4 Nd7 14. c3
Nf6 15. Bd3 c5 16. dxc5 Qxc5 17. Qb3 Nd5 18. Be5 b6 19. Rad1 Bf6 1/2-1/2

[Event "Druga liga Srbije grupa Vojvodina 2013"]
[Site "Stari Banovci"]
[Date "2013.11.05"]
[Round "2.2"]
[White "Robulj, Nenad"]
[Black "Dragojlovic, Andjelko"]
[Result "1-0"]
[WhiteElo "2322"]
[BlackElo "2337"]
[PlyCount "57"]
[EventDate "2013.11.04"]

1. e4 g6 2. d4 Bg7 3. Bc4 d6 4. Nf3 e6 5. Bg5 Ne7 6. Nc3 h6 7. Bh4 a6 8. a4 b6
9. h3 Nd7 10. Qe2 Bb7 11. Rd1 g5 12. Bg3 Ng6 13. Qe3 Qe7 14. O-O O-O 15. Rfe1
Kh8 16. Rd2 Nf6 17. e5 Nh5 18. exd6 cxd6 19. Bh2 Nhf4 20. Bf1 Rfc8 21. Ne4 f5
22. Nc3 Re8 23. g3 Nd5 24. Nxd5 Bxd5 25. c4 Bb7 26. d5 e5 27. Qxb6 Rac8 28. Qe3
Qd8 29. g4 1-0

[Event "Druga liga Srbije grupa Vojvodina 2013"]
[Site "Stari Banovci"]
[Date "2013.11.05"]
[Round "2.2"]
[White "Petkovic, Radosav"]
[Black "Joksimovic, Dragoljub"]
[Result "0-1"]
[WhiteElo "2264"]
[BlackElo "2164"]
[PlyCount "86"]
[EventDate "2013.11.04"]

1. e4 d6 2. d4 Nf6 3. Nc3 g6 4. f3 Bg7 5. Be3 c6 6. Nge2 b5 7. Qd2 Nbd7 8. g4
Nb6 9. b3 h5 10. g5 Nfd7 11. Bg2 b4 12. Nd1 Ba6 13. Qxb4 Bxe2 14. Kxe2 Rc8 15.
Qd2 O-O 16. Nf2 e5 17. dxe5 Nxe5 18. Bh3 Rc7 19. c4 Re7 20. c5 Nc8 21. cxd6 Rb7
22. Rad1 Nb6 23. f4 Ned7 24. Qc1 c5 25. e5 Re8 26. Ne4 Nxe5 27. fxe5 Rxe5 28.
Nxc5 Rb8 29. Nd3 Rxe3+ 30. Qxe3 Nd5 31. Qxa7 Nc3+ 32. Kf3 Qxd6 33. Qd7 Qa6 34.
Rde1 Qa8+ 35. Kg3 Rd8 36. Rhf1 Rxd7 37. Bxd7 Qd5 38. Be8 Qxd3+ 39. Rf3 Ne4+ 40.
Kg2 Qd2+ 41. Kf1 Nxg5 42. Rfe3 Qxh2 43. Bc6 Bd4 0-1

[Event "Druga liga Srbije grupa Vojvodina 2013"]
[Site "Stari Banovci"]
[Date "2013.11.05"]
[Round "2.2"]
[White "Mitrovic, Zivadin"]
[Black "Kokeza, Mirko"]
[Result "1/2-1/2"]
[WhiteElo "2187"]
[BlackElo "2280"]
[PlyCount "45"]
[EventDate "2013.11.04"]

1. b4 e6 2. Bb2 Nf6 3. a3 c5 4. b5 d5 5. e3 Be7 6. Nf3 O-O 7. c4 Nbd7 8. d4 Ne4
9. Nbd2 b6 10. Nxe4 dxe4 11. Ne5 Nxe5 12. dxe5 Qxd1+ 13. Rxd1 a6 14. Be2 Rd8
15. O-O Bb7 16. Rxd8+ Rxd8 17. Rd1 Rxd1+ 18. Bxd1 axb5 19. cxb5 Bd5 20. Be2 g5
21. Kf1 Kg7 22. Ke1 Kg6 23. g4 1/2-1/2

[Event "Druga liga Srbije grupa Vojvodina 2013"]
[Site "Stari Banovci"]
[Date "2013.11.05"]
[Round "2.2"]
[White "Jovic, Stevan"]
[Black "Vlajkovic, Goran"]
[Result "1-0"]
[WhiteElo "2244"]
[BlackElo "2173"]
[PlyCount "91"]
[EventDate "2013.11.04"]

1. d4 d5 2. c4 c6 3. Nc3 Nf6 4. e3 a6 5. Nf3 b5 6. b3 Bg4 7. Qc2 Bxf3 8. gxf3
g6 9. Bd2 e6 10. c5 a5 11. Be2 Nh5 12. f4 Ng7 13. Bd3 Nf5 14. Ne2 Bg7 15. Ng3
O-O 16. a4 b4 17. O-O-O Nh4 18. Be2 Nd7 19. f3 Qf6 20. Kb1 Rfe8 21. Bc1 Bh6 22.
Rhg1 Nf5 23. Nh1 Qh4 24. Bd3 Ng7 25. Nf2 f5 26. Rg2 Kh8 27. Rdg1 Rf8 28. Be2
Nh5 29. Nd3 Ra7 30. Ne5 Nxe5 31. fxe5 f4 32. e4 Ng7 33. exd5 exd5 34. Bd3 Ne6
35. Bb2 Rg7 36. Rg4 Qh3 37. Qf2 g5 38. Ka2 Rgf7 39. Bf1 Qh5 40. h4 Rg7 41. Bd3
Qf7 42. hxg5 Rxg5 43. Rh1 Rxg4 44. fxg4 Qg7 45. Bf5 Nd8 46. Rh5 1-0

[Event "Druga liga Srbije grupa Vojvodina 2013"]
[Site "Stari Banovci"]
[Date "2013.11.05"]
[Round "2.2"]
[White "Besedes, Danilo"]
[Black "Dokic, Zoran"]
[Result "1-0"]
[WhiteElo "1974"]
[BlackElo "2179"]
[PlyCount "89"]
[EventDate "2013.11.04"]

1. d4 Nf6 2. c4 g6 3. f3 Bg7 4. e4 d6 5. Nc3 O-O 6. Be3 e5 7. Nge2 exd4 8. Nxd4
Re8 9. Qd2 c6 10. O-O-O Nbd7 11. Nb3 Bf8 12. Bf4 Re6 13. Nd4 Re8 14. Nb3 Re6
15. g4 Ne5 16. Be2 Qc7 17. Kb1 Re8 18. Nd4 a6 19. Rc1 c5 20. Nc2 b5 21. Ne3 Bb7
22. h4 Nfd7 23. Ncd5 Qb8 24. h5 Bg7 25. hxg6 fxg6 26. Rc2 Nf8 27. Bg5 Ra7 28.
Bf6 Bc6 29. g5 Ne6 30. f4 Nf7 31. Bd3 Nd4 32. Qh2 h5 33. gxh6 Bxf6 34. Nxf6+
Kh8 35. Nxe8 Qxe8 36. Qh4 Kh7 37. Nd5 Qe6 38. f5 gxf5 39. Nf6+ Kh8 40. Rg2 Ne5
41. Rg8+ Qxg8 42. Nxg8 Nxd3 43. Qf6+ Kh7 44. Ne7 Ne5 45. Qg7# 1-0

[Event "Druga liga Srbije grupa Vojvodina 2013"]
[Site "Stari Banovci"]
[Date "2013.11.05"]
[Round "2.3"]
[White "Sipos, Istvan"]
[Black "Sekulic, Dusan"]
[Result "1-0"]
[WhiteElo "2474"]
[BlackElo "2298"]
[PlyCount "69"]
[EventDate "2013.11.04"]

1. c4 e5 2. Nc3 d6 3. Nf3 Nd7 4. d4 Ngf6 5. Bg5 Be7 6. e3 O-O 7. Be2 Re8 8. O-O
h6 9. Bh4 Nh7 10. Bg3 Ng5 11. Nxg5 Bxg5 12. dxe5 dxe5 13. Qd2 Bh4 14. Bxh4 Qxh4
15. Nb5 Qd8 16. Rfd1 a6 17. Nc3 Qe7 18. Nd5 Qd6 19. Qa5 b6 20. Qa4 c6 21. Nb4
Nc5 22. Rxd6 Nxa4 23. Rxc6 Bb7 24. Rd6 Rab8 25. Rd2 Rec8 26. Rad1 Kf8 27. h3 a5
28. Nd5 b5 29. cxb5 Rc5 30. b3 Rxd5 31. Rxd5 Bxd5 32. bxa4 Bxa2 33. Rd7 Bb3 34.
Ra7 Bxa4 35. Rxa5 1-0

[Event "Druga liga Srbije grupa Vojvodina 2013"]
[Site "Stari Banovci"]
[Date "2013.11.05"]
[Round "2.3"]
[White "Azaric, Slavko"]
[Black "Bulajic, Ratko"]
[Result "1/2-1/2"]
[WhiteElo "2294"]
[BlackElo "2284"]
[PlyCount "124"]
[EventDate "2013.11.04"]

1. e4 c5 2. Nf3 d6 3. d4 cxd4 4. Nxd4 Nf6 5. Nc3 a6 6. Be2 e5 7. Nb3 Be7 8. O-O
O-O 9. Be3 Qc7 10. Qd3 Be6 11. Nd5 Bxd5 12. exd5 Nbd7 13. c4 a5 14. a4 b6 15.
Nd2 Nc5 16. Qc2 g6 17. Bh6 Rfe8 18. Ra3 Bf8 19. Bg5 Nfd7 20. Rh3 Bg7 21. f3 f6
22. Be3 f5 23. Nb1 f4 24. Bxc5 Qxc5+ 25. Kh1 Nf6 26. Bd3 Rac8 27. Nc3 Re7 28.
Re1 Qb4 29. Re2 e4 30. fxe4 Nd7 31. Na2 Qc5 32. Qb3 Ne5 33. Rc2 Nxd3 34. Qxd3
Qd4 35. Qxd4 Bxd4 36. Rd3 Rxe4 37. g3 Bg7 38. b3 Rce8 39. Nc1 Bh6 40. Kg2 Re1
41. Rf3 fxg3 42. Nd3 Rb1 43. hxg3 Rxb3 44. Nf4 Rxf3 45. Kxf3 Rf8 46. Ke4 Bxf4
47. gxf4 Re8+ 48. Kd3 Kf7 49. Rb2 Rb8 50. Re2 Re8 51. Rb2 Rb8 52. Re2 h5 53.
Re6 Rd8 54. f5 gxf5 55. Rh6 Kg7 56. Rxh5 Kg6 57. Rh1 Kg5 58. Rb1 Rb8 59. Rg1+
Kf6 60. Re1 Kg5 61. Rg1+ Kf4 62. Rf1+ Kg5 1/2-1/2

[Event "Druga liga Srbije grupa Vojvodina 2013"]
[Site "Stari Banovci"]
[Date "2013.11.05"]
[Round "2.3"]
[White "Dekic, Josip"]
[Black "Vencl, Radivoje"]
[Result "0-1"]
[WhiteElo "2276"]
[BlackElo "2284"]
[PlyCount "95"]
[EventDate "2013.11.04"]

1. e4 d5 2. exd5 Qxd5 3. Nc3 Qa5 4. d4 c6 5. Bc4 Bf5 6. Nf3 e6 7. Bd2 Nf6 8.
Nd5 Qd8 9. Nxf6+ gxf6 10. Qe2 Bxc2 11. d5 cxd5 12. Bb5+ Nd7 13. Nd4 Be4 14. f3
Bg6 15. f4 Be4 16. f5 Qb6 17. fxe6 fxe6 18. Qg4 Ke7 19. Bb4+ Kf7 20. Bc3 Ne5
21. Qh5+ Bg6 22. Qh4 a6 23. O-O f5 24. Rae1 axb5 25. Rxe5 Bg7 26. Re3 Bf6 27.
Qf4 Rhe8 28. Nf3 Ra4 29. Ne5+ Kg7 30. b4 Qd8 31. Rd3 Rxa2 32. Bd4 Re2 33. Re3
Rd2 34. Rc3 Rxd4 35. Qxd4 Qd6 36. Re1 Rc8 37. Rc5 Be8 38. Qe3 Bxe5 39. Qxe5+
Qxe5 40. Rxe5 Kf6 41. Re3 Bc6 42. Rh3 d4 43. Rc2 Be4 44. Rd2 d3 45. Rxh7 f4 46.
Rh6+ Ke5 47. Rh5+ Kd4 48. Rc5 0-1

[Event "Druga liga Srbije grupa Vojvodina 2013"]
[Site "Stari Banovci"]
[Date "2013.11.05"]
[Round "2.3"]
[White "Vucinic, Gojko"]
[Black "Tokovic, Svetozar"]
[Result "1-0"]
[WhiteElo "2294"]
[BlackElo "2237"]
[PlyCount "84"]
[EventDate "2013.11.04"]

1. e4 e5 2. Nf3 Nc6 3. Bc4 Be7 4. c3 Nf6 5. d3 O-O 6. O-O d5 7. exd5 Nxd5 8.
Re1 Bf6 9. Nbd2 Nb6 10. Bb5 g6 11. Bxc6 bxc6 12. Ne4 Bg7 13. h3 Qd5 14. c4 Qd7
15. Qe2 Re8 16. Bh6 Bh8 17. d4 f5 18. Nc5 Qd6 19. Bf4 Be6 20. Nxe6 Qxe6 21. c5
Nd7 22. dxe5 Nxc5 23. Ng5 Qe7 24. Qc4+ Ne6 25. b4 a5 26. a3 h6 27. Nf3 Kh7 28.
Bd2 axb4 29. Bxb4 c5 30. Bc3 Red8 31. Kh2 Qe8 32. a4 Qc6 33. a5 Qa6 34. Qa4 Rd3
35. Rac1 Rad8 36. Rcd1 Bg7 37. Rxd3 Rxd3 38. Bb2 Rd8 39. Rc1 Rc8 40. Qc4 Ra8
41. Qxa6 Rxa6 42. Bc3 Nf4 1-0

[Event "Druga liga Srbije grupa Vojvodina 2013"]
[Site "Stari Banovci"]
[Date "2013.11.05"]
[Round "2.3"]
[White "Ivanovic, Miroslav"]
[Black "Vujasinovic, Mihajlo"]
[Result "1-0"]
[WhiteElo "2069"]
[BlackElo "2153"]
[PlyCount "45"]
[EventDate "2013.11.04"]

1. c4 e5 2. g3 Nf6 3. Bg2 Nc6 4. Nc3 d6 5. Nf3 Bg4 6. h3 Be6 7. b3 Rb8 8. O-O
h6 9. d4 exd4 10. Nxd4 Nxd4 11. Qxd4 a6 12. Bb2 Qd7 13. Kh2 c6 14. Rad1 b5 15.
cxb5 axb5 16. Ne4 Nxe4 17. Qxe4 d5 18. Qe5 Ra8 19. e4 f6 20. Qh5+ Qf7 21. Qe2
Be7 22. exd5 cxd5 23. Rfe1 1-0

[Event "Druga liga Srbije grupa Vojvodina 2013"]
[Site "Stari Banovci"]
[Date "2013.11.05"]
[Round "2.3"]
[White "Gajin, Nikola"]
[Black "Roganovic, Nebojsa"]
[Result "0-1"]
[WhiteElo "2136"]
[BlackElo "2222"]
[PlyCount "90"]
[EventDate "2013.11.04"]

1. Nf3 d5 2. c4 c6 3. d4 Nf6 4. Nc3 g6 5. Bf4 Bg7 6. e3 O-O 7. Bd3 Bg4 8. h3
Bxf3 9. Qxf3 Qb6 10. Rb1 Qb4 11. a3 Qa5 12. O-O e6 13. Qd1 dxc4 14. Bxc4 Nd5
15. Bxd5 exd5 16. Qb3 Qb6 17. Qc2 Nd7 18. b4 Rac8 19. Na4 Qa6 20. Qb3 b6 21.
Rfc1 Nf6 22. Rc2 Nh5 23. Bh2 f5 24. Rbc1 f4 25. Rxc6 fxe3 26. Qxd5+ Kh8 27.
fxe3 Rce8 28. Qb3 Qe2 29. Re6 Rc8 30. Qb1 Bxd4 31. exd4 Rxc1+ 32. Qxc1 Qxe6 33.
Be5+ Kg8 34. Qe3 Qc4 35. Qe4 Nf6 36. Qb7 Qf7 37. Qc6 Nd5 38. Qc4 Ne3 39. Qxf7+
Kxf7 40. Nc3 Nc4 41. Bg3 Nxa3 42. d5 Nc4 43. Ne4 Re8 44. Ng5+ Kf6 45. Nxh7+ Kf5
0-1

[Event "Druga liga Srbije grupa Vojvodina 2013"]
[Site "Stari Banovci"]
[Date "2013.11.05"]
[Round "2.4"]
[White "Indjic, Dusan"]
[Black "Stojanovic, Dalibor"]
[Result "0-1"]
[WhiteElo "2291"]
[BlackElo "2508"]
[PlyCount "126"]
[EventDate "2013.11.04"]

1. Nf3 Nf6 2. d4 g6 3. c4 Bg7 4. Nc3 O-O 5. e4 d6 6. Be2 e5 7. Be3 c6 8. O-O
Ng4 9. Bg5 f6 10. Bc1 Na6 11. Rb1 f5 12. dxe5 Nxe5 13. Nxe5 Bxe5 14. exf5 Bxf5
15. Bd3 Nc5 16. Bxf5 Rxf5 17. g3 Qf6 18. Be3 Qe6 19. Qe2 Bxc3 20. bxc3 b6 21.
Rfe1 Re8 22. Rbd1 Re5 23. Qf1 Na4 24. Bd2 Nb2 25. Rxe5 dxe5 26. Re1 Nxc4 27.
Bg5 b5 28. f3 Qf5 29. Bh6 g5 30. f4 gxf4 31. Bxf4 Rf8 32. Bh6 Qxf1+ 33. Rxf1
Rxf1+ 34. Kxf1 Kf7 35. Ke2 e4 36. Kd1 Ke6 37. Bf4 Kf5 38. h3 h5 39. Bh6 a6 40.
Kc2 Nb6 41. Be3 Nc4 42. Bh6 Ne5 43. Kb3 a5 44. Kc2 Nd3 45. Be3 Ke6 46. Bb6 a4
47. Kd2 c5 48. g4 hxg4 49. hxg4 Ne5 50. Bxc5 Nxg4 51. Bd4 Kd5 52. Bg7 Ne5 53.
Ke2 Nd3 54. Kd2 Kc4 55. Bh6 Ne5 56. Bg7 Nf7 57. Bd4 Kd5 58. Bg7 Nd6 59. Bf6
Nc4+ 60. Ke2 Na3 61. Ke3 Nb1 62. Bd4 Kc4 63. Kxe4 Nxc3+ 0-1

[Event "Druga liga Srbije grupa Vojvodina 2013"]
[Site "Stari Banovci"]
[Date "2013.11.05"]
[Round "2.4"]
[White "Ratkovic, Milovan"]
[Black "Petakov, Uros"]
[Result "1/2-1/2"]
[WhiteElo "2267"]
[BlackElo "2348"]
[PlyCount "39"]
[EventDate "2013.11.04"]

1. d4 Nf6 2. c4 e5 3. dxe5 Ng4 4. Nf3 Nc6 5. e3 Bb4+ 6. Bd2 Bxd2+ 7. Qxd2 O-O
8. Nc3 Ngxe5 9. Be2 d6 10. Nxe5 Nxe5 11. f4 Nd7 12. O-O f5 13. e4 Nc5 14. exf5
Bxf5 15. b4 Nd7 16. g4 Be6 17. Ne4 Qh4 18. f5 Bf7 19. Rf4 Nf6 20. Qe1 1/2-1/2

[Event "Druga liga Srbije grupa Vojvodina 2013"]
[Site "Stari Banovci"]
[Date "2013.11.05"]
[Round "2.4"]
[White "Stanojevic, Branko"]
[Black "Munizaba, Slobodan"]
[Result "1/2-1/2"]
[WhiteElo "2291"]
[BlackElo "2335"]
[PlyCount "65"]
[EventDate "2013.11.04"]

1. Nf3 Nf6 2. g3 c5 3. Bg2 d5 4. c4 Nc6 5. cxd5 Nxd5 6. d4 e6 7. O-O Qb6 8. e4
Nf6 9. d5 Nd4 10. Nc3 Nxf3+ 11. Bxf3 Bd6 12. Be3 exd5 13. exd5 O-O 14. Na4 Qa5
15. Rc1 b6 16. Bd2 Qa6 17. Bg5 Nd7 18. Be2 Qb7 19. Nc3 a6 20. Ne4 Be5 21. Be7
Re8 22. d6 Bd4 23. Bf3 Qa7 24. Ng5 Ne5 25. Re1 h6 26. Rxe5 Bxe5 27. Qd5 hxg5
28. Qxe5 Bb7 29. Bh5 Bc6 30. Bxf7+ Kxf7 31. Qf5+ Kg8 32. Qe6+ Kh8 33. Qh3+
1/2-1/2

[Event "Druga liga Srbije grupa Vojvodina 2013"]
[Site "Stari Banovci"]
[Date "2013.11.05"]
[Round "2.4"]
[White "Ratkovic, Miloje"]
[Black "Kovacevic, Dragan"]
[Result "1-0"]
[WhiteElo "2273"]
[BlackElo "2236"]
[PlyCount "171"]
[EventDate "2013.11.04"]

1. d4 Nf6 2. c4 d6 3. Nc3 Nbd7 4. e4 e5 5. d5 Be7 6. Bd3 Nf8 7. f3 Ng6 8. Be3
Nh5 9. Qd2 h6 10. O-O-O Bg5 11. Kb1 Bxe3 12. Qxe3 a6 13. g3 Bd7 14. Nge2 Qb8
15. f4 b5 16. f5 b4 17. fxg6 fxg6 18. Rc1 bxc3 19. Rxc3 O-O 20. c5 Qa7 21. Rhc1
Nf6 22. Qd2 Rab8 23. c6 Bc8 24. Qe1 Ng4 25. h4 Rf2 26. R1c2 Nh2 27. Nc1 Rxc2
28. Bxc2 Ng4 29. Rf3 Nf6 30. Qf1 Kf7 31. Qf2 Qxf2 32. Rxf2 Ke7 33. Rf3 Nh7 34.
Nb3 g5 35. Nd2 Bg4 36. Ra3 Bc8 37. Rf3 g4 38. Ra3 g5 39. hxg5 Nxg5 40. Bd3 Rb6
41. Nc4 Rb4 42. Ne3 Nxe4 43. Nc2 Rc4 44. Bxc4 Nd2+ 45. Kc1 Nxc4 46. Rc3 Nb6 47.
Ne3 Kf6 48. b4 e4 49. Rc2 Ke5 50. Rh2 Kd4 51. Kd2 Nxd5 52. Nc2+ Kc4 53. Rxh6
e3+ 54. Nxe3+ Nxe3 55. Kxe3 Kb5 56. Rh8 Be6 57. Re8 Bd5 58. Kd4 Kxc6 59. Re2
Bf3 60. Rc2+ Kb6 61. Rc3 Bb7 62. a3 Bg2 63. Kc4 c6 64. Re3 a5 65. Re8 axb4 66.
axb4 Kc7 67. Re7+ Kd8 68. Rg7 Bf3 69. Kd4 Ke8 70. Ke3 Kd8 71. Kf4 Kc8 72. Kf5
c5 73. b5 c4 74. b6 d5 75. Ke5 Kb8 76. Kd4 Ka8 77. Rc7 Kb8 78. Kc3 Be2 79. Rd7
Bf3 80. Kb4 Kc8 81. Re7 Kb8 82. Rg7 Ka8 83. Re7 Kb8 84. Ka5 d4 85. Ka6 Bc6 86.
Rf7 1-0

[Event "Druga liga Srbije grupa Vojvodina 2013"]
[Site "Stari Banovci"]
[Date "2013.11.05"]
[Round "2.4"]
[White "Kovacevic, Djordje"]
[Black "Orlov, Konstantin"]
[Result "1-0"]
[WhiteElo "2104"]
[BlackElo "2236"]
[PlyCount "47"]
[EventDate "2013.11.04"]

1. Nf3 Nf6 2. d4 e6 3. Bg5 Be7 4. e3 b6 5. Bd3 Bb7 6. Nbd2 d5 7. O-O Nbd7 8. c4
O-O 9. Rc1 c5 10. b3 Ne4 11. Bxe7 Qxe7 12. cxd5 exd5 13. Re1 Rfd8 14. Rc2 Rac8
15. Qe2 cxd4 16. exd4 Rxc2 17. Bxc2 f5 18. Qd3 Rc8 19. Nb1 g6 20. Nfd2 Qh4 21.
g3 Qf6 22. Bd1 Rc1 23. Qe3 Ba6 24. Nxe4 1-0

[Event "Druga liga Srbije grupa Vojvodina 2013"]
[Site "Stari Banovci"]
[Date "2013.11.05"]
[Round "2.4"]
[White "Milojevic, Dusan"]
[Black "Skoko, Milan"]
[Result "0-1"]
[WhiteElo "2231"]
[BlackElo "2239"]
[PlyCount "33"]
[EventDate "2013.11.04"]

1. e4 c5 2. Nf3 Nc6 3. Bb5 g6 4. O-O Bg7 5. Re1 Nf6 6. c3 O-O 7. d4 cxd4 8.
cxd4 d5 9. e5 Ne4 10. Nc3 Nxc3 11. bxc3 a6 12. Bd3 Na5 13. h3 Bd7 14. Rb1 b5
15. Ba3 Re8 16. Ng5 Bh6 17. Bc1 {mobtel.} 0-1

[Event "Druga liga Srbije grupa Vojvodina 2013"]
[Site "Stari Banovci"]
[Date "2013.11.05"]
[Round "2.5"]
[White "Cabarkapa, Novak"]
[Black "Galyas, Miklos"]
[Result "1/2-1/2"]
[WhiteElo "2402"]
[BlackElo "2435"]
[PlyCount "69"]
[EventDate "2013.11.04"]

1. e4 e6 2. d4 d5 3. Nc3 Bb4 4. e5 Ne7 5. a3 Bxc3+ 6. bxc3 b6 7. Qg4 Ng6 8. h4
h5 9. Qf3 Nxh4 10. Qd1 Nf5 11. Bb5+ c6 12. Bd3 h4 13. Qg4 g6 14. Bg5 Qc7 15.
Bf6 Rh5 16. Ne2 Nd7 17. Nf4 Nxf6 18. exf6 Rh8 19. Qg5 Bb7 20. Bxf5 gxf5 21.
Rxh4 O-O-O 22. Rxh8 Rxh8 23. Qg7 Rh1+ 24. Ke2 Ba6+ 25. Kf3 Rxa1 26. Nxe6 Qd7
27. Qg8+ Kb7 28. Nd8+ Kc7 29. Nxf7 Be2+ 30. Kf4 Bh5 31. Ne5 Qe8 32. Qh7+ Kb8
33. Nd7+ Ka8 34. Ne5 Kb8 35. Nd7+ 1/2-1/2

[Event "Druga liga Srbije grupa Vojvodina 2013"]
[Site "Stari Banovci"]
[Date "2013.11.05"]
[Round "2.5"]
[White "Vlahovic, Bogdan"]
[Black "Varga, Zoltan"]
[Result "1/2-1/2"]
[WhiteElo "2329"]
[BlackElo "2441"]
[PlyCount "69"]
[EventDate "2013.11.04"]

1. Nf3 d5 2. b3 Bg4 3. Bb2 Bxf3 4. exf3 Nd7 5. f4 e6 6. g3 Ngf6 7. Bg2 g6 8.
O-O Bg7 9. d3 O-O 10. Nd2 Ne8 11. Bxg7 Nxg7 12. Nf3 c5 13. c4 Qc7 14. Re1 Rfd8
15. Qc2 Qd6 16. Rad1 Rac8 17. Bh3 b6 18. Qe2 d4 19. Ne5 Rc7 20. Qd2 Nb8 21. Re2
f6 22. Nf3 Nc6 23. Rde1 Re7 24. Bg2 Rde8 25. Nh4 Nd8 26. Nf3 Nc6 27. Nh4 Kf7
28. Bxc6 Qxc6 29. Re4 a5 30. a4 Nf5 31. Ng2 h6 32. Qd1 Nd6 33. R4e2 e5 34. fxe5
fxe5 35. f3 1/2-1/2

[Event "Druga liga Srbije grupa Vojvodina 2013"]
[Site "Stari Banovci"]
[Date "2013.11.05"]
[Round "2.5"]
[White "Jesenski, Tibor"]
[Black "Mijatovic, Dejan"]
[Result "1-0"]
[WhiteElo "2328"]
[BlackElo "2273"]
[PlyCount "94"]
[EventDate "2013.11.04"]

1. d4 d5 2. c4 c6 3. Nf3 Nf6 4. Nc3 e6 5. e3 Nbd7 6. Qc2 Bd6 7. Bd3 Qe7 8. O-O
O-O 9. h3 h6 10. e4 dxe4 11. Nxe4 Nxe4 12. Bxe4 Nf6 13. Bd3 c5 14. Re1 Qc7 15.
dxc5 Bxc5 16. b3 b6 17. Bb2 Bb7 18. Bxf6 gxf6 19. Be4 Rfd8 20. Bxb7 Qxb7 21.
Re4 Bf8 22. Re2 Rac8 23. Rd1 Rxd1+ 24. Qxd1 Be7 25. Rd2 a5 26. Nd4 Rd8 27. Nxe6
fxe6 28. Rxd8+ Bxd8 29. Qxd8+ Kg7 30. Qd4 Qc6 31. h4 h5 32. g3 e5 33. Qd1 Kg6
34. Qd5 Qc7 35. Kh2 Qe7 36. Qe4+ Kg7 37. Qc6 Qd8 38. a3 Qd4 39. Qf3 Kg6 40. Qe3
Qd6 41. Qe4+ Kg7 42. Kg2 Kh6 43. Qf5 Qc6+ 44. Qf3 Qd6 45. b4 axb4 46. axb4 Kg6
47. b5 Qc7 1-0

[Event "Druga liga Srbije grupa Vojvodina 2013"]
[Site "Stari Banovci"]
[Date "2013.11.05"]
[Round "2.5"]
[White "Lalic, Dragan"]
[Black "Arbutina, Sinisa"]
[Result "1/2-1/2"]
[WhiteElo "2266"]
[BlackElo "2280"]
[PlyCount "31"]
[EventDate "2013.11.04"]

1. e4 e5 2. Bc4 Nc6 3. Nc3 Nf6 4. d3 h6 5. f4 Bb4 6. Nge2 d5 7. exd5 Nxd5 8.
O-O Be6 9. Bxd5 Bxd5 10. fxe5 Nxe5 11. Nf4 Bxc3 12. bxc3 O-O 13. Qh5 f5 14. Ba3
Rf6 15. Nxd5 Qxd5 16. Kh1 1/2-1/2

[Event "Druga liga Srbije grupa Vojvodina 2013"]
[Site "Stari Banovci"]
[Date "2013.11.05"]
[Round "2.5"]
[White "Marjanusic, Vladimir"]
[Black "Sevo, Dusan"]
[Result "1/2-1/2"]
[WhiteElo "2272"]
[BlackElo "2238"]
[PlyCount "36"]
[EventDate "2013.11.04"]

1. e4 g6 2. d4 Bg7 3. Nc3 d6 4. Be3 a6 5. a4 Nd7 6. Qd2 e5 7. Nf3 Ngf6 8. Bh6
O-O 9. Bxg7 Kxg7 10. Bc4 c6 11. O-O Qe7 12. Rfe1 Nb6 13. Bb3 Bg4 14. Re3 Rad8
15. a5 Nbd7 16. Rae1 Bxf3 17. Rxf3 exd4 18. Qxd4 Nc5 1/2-1/2

[Event "Druga liga Srbije grupa Vojvodina 2013"]
[Site "Stari Banovci"]
[Date "2013.11.05"]
[Round "2.5"]
[White "Popov, Stevan"]
[Black "Vidic, Stevan"]
[Result "1/2-1/2"]
[WhiteElo "2188"]
[BlackElo "2278"]
[PlyCount "28"]
[EventDate "2013.11.04"]

1. e4 c5 2. Nf3 Nc6 3. Bb5 Qb6 4. Nc3 e6 5. O-O Nge7 6. Re1 Nd4 7. a4 Nec6 8.
Bxc6 bxc6 9. d3 d6 10. e5 d5 11. Nxd4 cxd4 12. Ne2 a5 13. b3 Be7 14. Ng3 O-O
1/2-1/2